000 00640nam a2200217 a 4500
001 21930
003 CO-ViMGA
008 141112s2004 ck r 000 u spa d
020 _a8447803627
040 _aCO-ViMGA
_bspa
_cCO-ViMGA
082 0 4 _aALOq
100 1 _aAloy, Josep M.; Balzola, Asun
_931361
245 1 0 _aQue te voy a contar
260 _aBarcelona :
_bEl arca,
_c1996
300 _a59
490 _aTren de madera; 16
590 _aForma de adquisición : Compra - - Precio : 5500 - - Proveedor : Cerlac
650 1 4 _aCUENTOS INFANTILES ESPAÑOLES
_9725
650 1 4 _aGALLINAS - CUENTOS INFANTILES
_948100
942 _2ddc
_cBK
999 _c30470
_d30470